00790cam a22002292a 450000100060000000300080000600500170001400800410003103500190007204000270009104100080011808200210012610000320014724500510017926000470023030000340027750400500031165000210036194200120038299900170039495201490041116529BD-RjUL20211209000023.0140213s1968 njua b 001 0 eng d a(BD-RjUL)16584 aDLCcDLCdBD-RjULbeng aeng00a797.21bCOS 19681 aCounsilman, James E.95108314aThe science of swimming /cJames E. Counsilman aEnglewood Cliffs :bPrentice-Hall,cc1968. axiii, 457 p. :bill. ;c24 cm aIncludes bibliographical footnotes and index. 0aSwimming.950559 2ddccBK c16529d16529 00102ddc40718NFICaRUCLbRUCLcReadingd1970-10-21eSweels & Zeitlingerg77.00l0o797.21 COS 1968r2014-02-13 00:00:00tC-1w2014-02-13yBK